Primi 15 paesi interessati da Covid-19 - 17 novembre 2021 - Statistics

Statistiche generali
  • Questo quiz è stato fatto 7 volte
  • Il punteggio medio è 15 su 28
Statistiche sulle risposte
paese % Corretto
Francia
100%
Italia
100%
Regno Unito
100%
Stati Uniti
100%
Brasile
86%
Germania
86%
India
86%
Messico
86%
Spagna
86%
Svezia
86%
Argentina
71%
Russia
71%
Turchia
71%
Belgio
43%
Iran
43%
Paesi Bassi
43%
Colombia
29%
Croazia
29%
Estonia
29%
Lettonia
29%
Lituania
29%
Serbia
29%
Slovenia
29%
Cechia
14%
Georgia
14%
Indonesia
14%
Israele
14%
Bahrain
0%
Nessun quiz corrispondente trovato
Distribuzione punteggi
Percentuale di utenti per punteggio
Percentile per numero di risposta
I tuoi punteggi nel tempo
Non hai fatto questo quiz